MDQL
is popping MORE tags! Check the
thread
!
Quizzes
Events
Quiz Creation
Community
Videos
Private Events
Remove Ads
Sign In
Join for FREE
Feedback
Dark Mode
Quiz Categories
Sports
Geography
Music
Movies
Television
Just For Fun
Miscellaneous
History
Literature
Language
Science
Gaming
Entertainment
Religion
Holiday
For Kids
Quiz Lab
Recent
Popular Today
Quiz Kudos Today
Editor Picks
Curator Picks
Quizzes by...
Day
Popularity
Type
Ratings
Length
Year
Community
Subscriptions
Recent Discussions
Orange Saloon
Badges
Playlists
Quests
Create
Leaderboards
Showdown
Live 5
Trivia Bingo
Activity
Puzzle Library
Sporcle Events
Private Events
Virtual Trivia
Globe League
Become a Host
Pub Owners
SporcleCon
Opinionation
Our Games
Videos
Blog
Mobile Apps
Partnerships
Remove Ads and Go Orange
Feedback
Geography
Country
Landmarks
City
State
Population
World
Capital
Continent
Flags
Europe
Africa
Asia
South America
North America
Oceania
Border
Canada
United Kingdom
Topography
United States
Geography
Country
Landmarks
City
State
Population
World
Capital
Continent
Flags
Europe
Africa
Asia
South America
North America
Oceania
Border
Canada
United Kingdom
Topography
United States
Random Quiz
Search Sporcle
×
Quiz Lab
Quiz Lab
Geography
United States
Type in answers that appear in a list
Type in answers that appear in a list
Classic
Best Score? Go Orange.
United States Backwards Stats
Can you name the United States backwards?
By
pichu766
8m
50 Questions
201 Plays
201 Plays
201 Plays
Comments
Comments
Give Quiz Kudos
Give Quiz Kudos
-
- Ratings
hide this ad
Replay
Link that replays current quiz
Next Quiz
Link to next quiz in quiz playlist
You Got
0%
They Got
Avg Score
68%
Avg Friend Score
Upgrade to see
Score Distribution
Jump to the score distribution portion of the page
Score
0/50
Timer
08:00
0
Plays Today
States
% Correct
amabala
84.1%
kroy wen
82.1%
aksala
81.6%
adirolf
81.6%
ainrofilac
80.6%
anozira
78.1%
iiawah
77.1%
sasnak
76.6%
eniam
76.6%
saxet
75.1%
sasnakra
74.6%
aigroeg
74.6%
erawaled
73.6%
awoi
73.6%
oiho
73.1%
hatu
72.6%
odaroloc
72.1%
yesrej wen
71.6%
ohadi
71.1%
sionilli
70.6%
ocixem wen
70.1%
ippississim
69.2%
nogero
68.7%
notgnihsaw
68.7%
anaidni
68.2%
States
% Correct
atokad htron
67.2%
gnimoyw
67.2%
ykcutnek
66.7%
atokad htuos
66.2%
erihspmah wen
65.7%
anilorac htuos
65.7%
ainigriv
65.7%
tucitcennoc
65.2%
anatnom
65.2%
anilorac htron
65.2%
tnomrev
65.2%
dnalyram
63.7%
nagihcim
62.7%
adaven
62.7%
anaisiuol
62.2%
iruossim
61.7%
ainigriv tsew
61.2%
eessennet
59.7%
atosennim
58.7%
amohalko
58.2%
dnalsi edohr
57.2%
aksarben
56.7%
ainavlysnnep
56.7%
nisnocsiw
56.7%
sttesuhcassam
49.8%
Quiz Playlist
Details
Report
Send in Message
Add To Playlist
Classic:
Type in answers that appear in a list
Last Updated: Feb 16, 2017
Quiz Scoreboard
CHALLENGE
Sign Up to Join the Scoreboard
Show All
Scores
Hide
Comments
May contain spoilers
Recently Published
Find the 'City' Movie
by crazypaving
Movies
60s
5x2 Blitz: Bands
by SL_Kpop136
Music
30s
Colored Red Africa Blitz
by spor1
Geography
30s
More to Explore
Quiz From the Vault
Featured Blog Post
14 Easter Pick-up Lines to Find Eggs With
hide this ad
You Might Also Like...
Tags
State Quiz
United States Quiz
Alphabetical
Backward
United
Today's Top Quizzes in Geography
Browse Geography
hide this ad
Today's Top Quizzes in United States
Browse United States
Top Contributed Quizzes in Geography
1
Countries of the World - No Outlines Minefield
2
Colored Red Europe Blitz I
3
Colored Red Africa Blitz II
4
Colored Red Europe Blitz II
5
Colored Red Africa Blitz III
6
Colored Red Europe Blitz III
7
Colored Red States Blitz I
8
African Flag Reveal XLVI
9
Colored Red States Blitz II
10
Colored Red States Blitz III
Explore More
Trending Topics
Disney
Marvel
Anime
Harry Potter
Kpop
NBA
Crossword
Song
Country
The Office
WWE
NFL
Pokémon
Soccer
Puzzle
hide this ad
More By:
pichu766
Quiz
Plays
Rating
Category
Featured
Created
Safe Cracker, Insurmountable
1,210
1.89
Just For Fun
Dec 5, 2010
United States Backwards
201
4.17
Geography
Dec 6, 2010
Names of Christ
193
3.50
Religion
Dec 7, 2010
divisible by eleven
100
3.40
Just For Fun
Feb 2, 2013
Saltiest places on earth
45
5.00
Just For Fun
Feb 13, 2011
Go to Creator's Profile
Score Distribution
Quiz Creator Spotlight
pichu766
Follow
Send a Message
Quizzes Created
-
Created Quiz Play Count
-
More By This Creator
Popular Quizzes Today
1
Colored Red Africa Blitz
2
Find the 'City' Movie
3
Find the US States - No Outlines Minefield
4
5x2 Blitz: Bands
5
The Countries of the World
6
Find the US States
7
US States
8
Find the Countries of Europe - No Outlines Minefield
More Geography Quizzes
Hidden Neighbors of the Red Sea
Quiz Lab
Trending Quizzes
Colored Red Europe Blitz I
Colored Red Africa Blitz II
Colored Red Europe Blitz II
Colored Red Africa Blitz III
Colored Red Europe Blitz III
Recently Updated
How Do You Spell That?
pecheneg
Godzilla Movies
pecheneg
Grab Bag: 4-10 Letters
pecheneg
2024 March Madness Bracket
pecheneg
Famous TV Couples
Peacemaker
Champions League XIs: Real Madrid
pecheneg
Largest US Cities 1790-2010
pecheneg
Rides in Walt Disney World
pecheneg
Most Oscar Losses (Acting)
pecheneg
Beyoncé Albums
pecheneg
Trending Topics
Disney
Crossword
NBA
Marvel
Harry Potter
Kpop
Anime
Pokémon
Country
The Office
NFL
Soccer
Song
WWE
Puzzle
Your Account Isn't Verified!
In order to create a playlist on Sporcle, you need to verify the email address you used during registration. Go to your
Sporcle Settings
to finish the process.
Report this User
Report this user for behavior that violates our
Community Guidelines
.
Details:
Send Report
Go to the Sporcle.com Mobile Site →
Comments